Graphical analysis of multiresponse data: illustrated with a plant breeding trial, interdisciplinary statistics

I tiakina i:
Ngā taipitopito rārangi puna kōrero
Ngā kaituhi matua: Basford, K. E (Author), Tukey, J. W (Author)
Hōputu: Pukapuka
Reo:Ingarihi
I whakaputaina: Boca Ratón Chapman & Hall 1999
Ngā marau:
Ngā Tūtohu: Tāpirihia he Tūtohu
Kāore He Tūtohu, Me noho koe te mea tuatahi ki te tūtohu i tēnei pūkete!

MARC

LEADER 00000nam a2200000 a 4500
001 UCN8537
003 CL-VaPUC
008 011116e19990000US |||||||||||||||||eng|d
082 0 4 |a 519.5  |b BAS  |2 21 
100 0 |a Basford, K. E  |e author  |9 464796 
700 0 |a Tukey, J. W  |e author  |9 464797 
245 1 0 |a Graphical analysis of multiresponse data: illustrated with a plant breeding trial, interdisciplinary statistics 
300 |a 587 p 
942 |c BK 
945 |d 20011116 00:00:00  |a cmena 
260 |a Boca Ratón  |b Chapman & Hall  |c 1999 
650 0 |a Estadística matemática  |9 260028 
650 0 |a Gestión de datos  |9 353312 
650 0 |a Análisis de variables  |9 464798 
583 |a last modification  |c 20011116 00:00:00  |k Rodrigo Vera 
999 |c 298376  |d 298374 
952 |0 0  |1 0  |4 0  |6 519_500000000000000_BAS_1999  |7 0  |8 A  |9 353902  |a BIBGIM  |b BIBGIM  |d 2019-11-21  |i 3773426  |o 519.5 BAS 1999  |p 3773426  |r 2025-01-15  |w 2019-11-21  |y BK  |k EST